000 02617nam a22002177a 4500
005 20250222110712.0
008 250222b ||||| |||| 00| 0 eng d
020 _a9780367240448
040 _cAL
041 _aeng
082 _223
_a155
_bBURD
100 _aErica Burman
_9201964
245 _aDeconstructing developmental psychology
250 _a3rd ed.
260 _aLondon
_bRoutledge Taylor and Francis Group
_c2023
300 _axii,369p.
_bPB
_c24.1x17cm.
365 _2General
_a6385
_b₹1596.00
_c
_d₹1995.00
_e20%
_f06-02-2025
520 _aIn this completely revised and updated edition, Deconstructing developmental psychology interrogates the assumptions and practices surrounding the psychology of child development, providing a critical evaluation of the role and contribution of developmental psychology within social practice. Since the second edition was published, there have been many major changes. This book addresses how shifts in advanced capitalism have produced new understandings of children and a new (and more punitive) range of institutional responses to children. It engages with the paradoxes of childhood in an era when young adults are increasingly economically dependent on their families and in a political context of heightened insecurity. The new edition includes an updated review of developments in psychological theory (in attachment, evolutionary psychology, theory of mind, cultural-historical approaches), as well as updating and reflecting upon the changed focus on fathers and fathering. It offers new perspectives on the connection between Piaget and Vygotsky and now connects much more closely with discussions from the sociology of childhood and critical educational Research. Coverage has been expanded to include more material on child rights debates and a new Chapter addresses practice dilemmas around child protection, which engages even more with the "raced" And gendered effects of current policies involving children. This engaging and accessible text provides key resources to inform better professional practice in social Work, education and health contexts. It offers critical insights into the politics and procedures that have shaped developmental psychological knowledge. It will be essential reading for anyone working with children, or concerned with policies around children and families. It was also be of interest to students at undergraduate and postgraduate levels across a range of professional and practitioner groups, as well as parents and policy makers.
650 _2Psychology
_aDevelopmental Psychology
_9201965
942 _2ddc
_cBK
999 _c233871
_d233871